[Event "NA Class A Champ. Rd 1, S95011"]
[Site "CCLA"]
[Date "2019.04.22"]
[Round "1"]
[White "Haase, F. Philip"]
[Black "Downs, Ray"]
[Result "1/2-1/2"]
[WhiteElo "2023"]
[BlackElo "1893"]

1. e4 d6 2. d4 Nf6 3. Nc3 g6 4. Nf3 Bg7 5. Be2 O-O 6. O-O c6 7. h3 Qc7 8. 
a4 e5 9. dxe5 dxe5 10. Bc4 Nh5 11. Re1 Nd7 12. Be3 a5 13. Qd2 Nf4 14. Ba2 
Nb6 15. Bxf4 exf4 16. e5 Be6 17. Qxf4 Rae8 18. Bxe6 Rxe6 19. Re3 h6 20. 
Rae1 Rfe8 21. Kh1 g5 22. Qg4 Bxe5 23. Nxe5 Rxe5 24. Qg3 Rxe3 25. Rxe3 Qd8 
1/2-1/2

[Event "NA Class A Champ. Rd 1, S95011"]
[Site "CCLA"]
[Date "2019.04.22"]
[Round "1"]
[White "Downs, Ray"]
[Black "Bolduc, Steve"]
[Result "1-0"]
[WhiteElo "1893"]
[BlackElo "1859"]

1. c4 e6 2. g3 d5 3. Bg2 Nf6 4. Nf3 Be7 5. O-O O-O 6. b3 c5 7. Bb2 d4 8. 
b4 Nc6 9. b5 Nb8 10. e3 dxe3 11. dxe3 Qxd1 12. Rxd1 Nbd7 13. Ne5 Nxe5 14. 
Bxe5 Ng4 15. Bc3 Bf6 16. Bxf6 Nxf6 17. Nc3 Re8 18. Na4 Nd7 19. Bxb7 Bxb7 
20. Rxd7 Bf3 21. Nxc5 1-0

[Event "NA Class A Champ. Rd 1, S95011"]
[Site "CCLA"]
[Date "2019.04.22"]
[Round "1"]
[White "Downs, Ray"]
[Black "Blumberg, David L."]
[Result "1/2-1/2"]
[WhiteElo "1893"]
[BlackElo "1923"]

1. c4 c5 2. g3 g6 3. Bg2 Bg7 4. Nc3 Nc6 5. Nf3 d6 6. O-O Nf6 7. a3 O-O 8. 
Rb1 d5 9. cxd5 Nxd5 10. Nxd5 Qxd5 11. d3 b6 12. Ng5 1/2-1/2

[Event "NA Class A Champ. Rd 1, S95011"]
[Site "CCLA"]
[Date "2019.04.22"]
[Round "1"]
[White "Downs, Ray"]
[Black "Haase, F. Philip"]
[Result "1-0"]
[WhiteElo "1893"]
[BlackElo "2023"]

1. c4 Nf6 2. g3 e5 3. Bg2 c6 4. d4 exd4 5. Qxd4 d5 6. Nf3 Be7 7. cxd5 cxd5
8. O-O Nc6 9. Qa4 O-O 10. Nc3 Be6 11. Be3 Ng4 12. Bf4 Qb6 13. Qb5 h6 14. 
Qxb6 axb6 15. Nb5 Rfc8 16. Nc7 Ra4 17. Nxe6 fxe6 18. Bh3 h5 19. b3 Ra3 20.
 Bc1 Raa8 21. a4 Nf6 22. Bxe6+ Kh7 23. Bxc8 Rxc8 24. Be3 Bc5 25. Bg5 Ne4 
26. Bf4 d4 27. Ng5+ Nxg5 28. Bxg5 Re8 29. Ra2 Bb4 30. Rc2 Bc3 31. Rfc1 Kg6
32. Rxc3 dxc3 33. Be3 Re5 34. Rxc3 b5 35. f4 Rd5 36. Kf2 bxa4 37. bxa4 Ra5
38. Rc4 Kf7 39. Bb6 Ra6 40. a5 Nxa5 41. Rc7+ Kg8 42. Bxa5 Rxa5 43. Rxb7 
Kh7 44. e4 Ra6 45. Ke3 Ra3+ 46. Kd4 Ra6 47. Kd5 Kg8 48. e5 Kf8 49. e6 Ra2 
50. Rf7+ Kg8 51. Kd6 Ra6+ 52. Ke5 Ra5+ 53. Ke4 Ra2 54. h3 Rg2 55. Ra7 Re2+
56. Kf5 Kf8 57. Ra8+ Ke7 58. Rg8 g6+ 59. Rxg6 Kd6 60. Kf6 1-0

[Event "2019 Server NA Champ., Class A, Rd 1, S95021"]
[Site "CCLA"]
[Date "2019.04.22"]
[Round "1"]
[White "Clancey, James"]
[Black "Bapple, Edward C."]
[Result "1-0"]
[WhiteElo "1913"]
[BlackElo "1921"]

1. e4 c5 2. Nf3 g6 3. Nc3 Bg7 4. d4 cxd4 5. Nxd4 d6 6. Be3 Nf6 7. f3 O-O 
8. Qd2 Nc6 9. Bc4 Bd7 10. O-O-O a6 11. Bb3 Na5 12. h4 Nxb3+ 13. Nxb3 a5 
14. a4 h5 15. Nd4 Rc8 16. Kb1 Ra8 17. g4 Rc8 18. Rdg1 Kh7 19. Ndb5 Rc4 20.
 b3 Bxb5 21. Nxb5 Rc6 22. Bd4 e6 23. Rd1 Ra6 24. gxh5 Nxh5 25. Bxg7 Kxg7 
26. Rhg1 d5 27. Rg5 Nf6 28. e5 Nh7 29. Rg4 f5 30. Rg2 Rh8 31. Nd6 Nf8 32. 
Rh1 Rh5 33. Rg5 Rxg5 34. hxg5 Rxd6 35. exd6 Qxd6 36. f4 Qb4 37. Qxb4 axb4 
38. Rd1 Nd7 39. Rd4 1-0

[Event "2019 Server NA Champ., Class A, Rd 1, S95021"]
[Site "CCLA"]
[Date "2019.04.22"]
[Round "1"]
[White "Clancey, James"]
[Black "Anderson, Clarence"]
[Result "1-0"]
[WhiteElo "1913"]
[BlackElo "1754"]

1. e4 g6 2. Nf3 Bg7 3. d4 d6 4. Bc4 Nf6 5. Nc3 O-O 6. Qe2 c6 7. e5 dxe5 8.
 dxe5 Nd5 9. Bd2 Bg4 10. h3 Bxf3 11. gxf3 e6 12. Bb3 Nd7 13. f4 Nxc3 14. 
Bxc3 Qc7 15. h4 h5 16. O-O-O Rfd8 17. f5 exf5 18. Bxf7+ Kxf7 19. e6+ Kg8 
20. exd7 Rxd7 21. Qe6+ Rf7 22. Bxg7 Kxg7 23. Rhg1 Qf4+ 24. Kb1 Qxh4 25. 
Qxg6+ Kf8 26. Qg8+ Ke7 27. Qxa8 1-0

[Event "2019 Server NA Champ., Class A, Rd 1, S95021"]
[Site "CCLA"]
[Date "2019.04.22"]
[Round "1"]
[White "Clancey, James"]
[Black "Cacas, Alexander"]
[Result "1/2-1/2"]
[WhiteElo "1913"]
[BlackElo "1745"]

1. d4 Nf6 2. Bg5 e6 3. Nf3 Be7 4. Nbd2 d5 5. c3 Nbd7 6. e3 O-O 7. Bd3 b6 
8. O-O Bb7 9. Qc2 c5 10. Ne5 Rc8 11. Nxd7 Qxd7 12. Bxf6 Bxf6 13. Bxh7+ Kh8
14. Bd3 c4 15. Be2 g6 16. e4 Kg7 17. e5 Be7 18. Nf3 Rh8 19. h3 b5 20. Nh2 
a5 21. a3 Ra8 22. Ng4 b4 23. Rfb1 Bc6 24. Qc1 bxa3 25. bxa3 Ba4 26. Bd1 
Bxd1 27. Qxd1 Rab8 28. a4 Bg5 29. Kh2 Bf4+ 30. g3 Bg5 31. Qc2 Qc6 32. h4 
Be7 33. Kg2 Qd7 34. Rh1 Rb3 35. Qc1 Qd8 36. Qc2 Qb6 37. Ra2 Qb8 38. Rha1 
Qb6 39. Ne3 Rb8 40. Ng4 Rh8 41. Qc1 Qb8 42. Qe3 1/2-1/2

[Event "2019 Server NA Champ., Class A, Rd 1, S95021"]
[Site "CCLA"]
[Date "2019.04.22"]
[Round "1"]
[White "Bapple, Edward C."]
[Black "Clancey, James"]
[Result "1-0"]
[WhiteElo "1921"]
[BlackElo "1913"]

1. e4 c5 2. Nc3 d6 3. f4 g6 4. Nf3 Bg7 5. Bb5+ Bd7 6. Bxd7+ Qxd7 7. O-O 
Nc6 8. a3 Nf6 9. d3 O-O 10. h3 Rac8 11. Be3 b6 12. Ne2 Nh5 13. Rb1 e5 14. 
f5 gxf5 15. exf5 Rfe8 16. Nh2 d5 17. Bg5 f6 18. Bh4 Qf7 19. Ng4 Qd7 20. 
Nc3 Qf7 21. Qd2 Kh8 22. Rbe1 Rcd8 23. Ne2 Rd7 24. Kh1 Rdd8 25. Ng3 Nf4 26.
 Ne2 Nxe2 27. Rxe2 Rf8 28. Bf2 e4 29. dxe4 dxe4 30. Qf4 h5 31. Nh2 Kh7 32.
 Rxe4 Bh6 33. Qh4 Ne5 34. Be1 Bg5 35. Qf2 Qd5 36. Qe2 Qd1 37. Qxd1 Rxd1 
38. Bc3 Rxf1+ 39. Nxf1 Rd8 40. Kg1 Rd1 41. h4 Bh6 42. Bxe5 fxe5 43. Rxe5 
Bg7 44. Re7 Kg8 45. c3 Rd5 46. Rxa7 Rxf5 47. Rb7 1-0

[Event "2019 Server NA Champ., Class A, Rd 1, S95021"]
[Site "CCLA"]
[Date "2019.04.22"]
[Round "1"]
[White "Bapple, Edward C."]
[Black "Anderson, Clarence"]
[Result "1-0"]
[WhiteElo "1921"]
[BlackElo "1754"]

1. e4 g6 2. d4 Bg7 3. Nc3 c6 4. Nf3 d6 5. h3 Nf6 6. Be3 O-O 7. e5 Nd5 8. 
Nxd5 cxd5 9. exd6 Qxd6 10. c3 Nc6 11. Bd3 f6 12. O-O e5 13. dxe5 fxe5 14. 
Bc2 Kh8 15. Qe2 Be6 16. Ng5 Bg8 17. Rfd1 Qe7 18. Nf3 Rae8 19. Bb3 Rd8 20. 
Rd2 e4 21. Nd4 Na5 22. Rad1 Nxb3 23. axb3 a6 24. Nc2 b5 25. b4 Qc7 26. Bc5
Rfe8 27. Qe3 Qb7 28. Qg5 Qc8 29. Ne3 Re5 30. Qf4 Qb7 31. Bd4 Re7 32. Bxg7+
Kxg7 33. Qg5 Red7 34. Qe5+ Kf8 35. Qf6+ Ke8 36. Rd4 Rd6 37. Rxe4+ dxe4 38.
 Rxd6 Rxd6 39. Qxd6 Qc8 40. Ng4 Be6 41. Nf6+ Kf7 42. Nxh7 Kg7 43. Qe7+ Kh6
44. Ng5 Bg8 45. Nxe4 Qf5 46. Nf6 Bc4 47. Ng4+ 1-0

[Event "2019 Server NA Champ., Class A, Rd 1, S95021"]
[Site "CCLA"]
[Date "2019.04.22"]
[Round "1"]
[White "Bapple, Edward C."]
[Black "Cacas, Alexander"]
[Result "1-0"]
[WhiteElo "1921"]
[BlackElo "1745"]

1. e4 c5 2. Nc3 Nc6 3. f4 d6 4. Nf3 g6 5. Bb5 Bd7 6. O-O Bg7 7. d3 a6 8. 
Bxc6 Bxc6 9. Qe1 Qd7 10. Bd2 b5 11. Rb1 b4 12. Nd1 Nh6 13. Ne3 Ng4 14. Nc4
Qc7 15. Qh4 Nf6 16. e5 Bxf3 17. Nxd6+ exd6 18. exf6 Bf8 19. Rbe1+ Kd8 20. 
Rxf3 d5 21. Rfe3 Bd6 22. f5 gxf5 23. Qh5 Ra7 24. Re7 Bxe7 25. Rxe7 Qb6 26.
 Qxf7 c4+ 27. Kf1 Rxe7 28. fxe7+ Kc8 29. e8=Q+ Rxe8 30. Qxe8+ 1-0

[Event "2019 Server NA Champ., Class A, Rd 1, S95021"]
[Site "CCLA"]
[Date "2019.04.22"]
[Round "1"]
[White "Anderson, Clarence"]
[Black "Clancey, James"]
[Result "0-1"]
[WhiteElo "1754"]
[BlackElo "1913"]

1. f4 d5 2. Nf3 Nf6 3. g3 g6 4. Bg2 Bg7 5. O-O O-O 6. d3 c5 7. Qe1 Nc6 8. 
e4 dxe4 9. dxe4 Bd7 10. e5 Nd5 11. Ng5 Bf5 12. Ne4 f6 13. exf6 Nxf6 14. 
Nxf6+ Rxf6 15. c3 Re6 16. Qf2 Nd4 17. Na3 Re2 18. cxd4 Bxd4 19. Nb5 Bxf2+ 
20. Rxf2 Qd1+ 21. Bf1 Bh3 22. Be3 Qxa1 0-1

[Event "2019 Server NA Champ., Class A, Rd 1, S95021"]
[Site "CCLA"]
[Date "2019.04.22"]
[Round "1"]
[White "Anderson, Clarence"]
[Black "Bapple, Edward C."]
[Result "0-1"]
[WhiteElo "1754"]
[BlackElo "1921"]

1. f4 g6 2. e4 c5 3. Nc3 Bg7 4. Nf3 Nc6 5. Bb5 Nd4 6. Bd3 d6 7. Nxd4 cxd4 
8. Ne2 Nf6 9. Nxd4 Nxe4 10. Bxe4 Bxd4 11. Qf3 Qb6 12. c3 Bg7 13. Qf2 Qxf2+
14. Kxf2 e6 15. d4 d5 16. Bc2 Bd7 17. a4 Rc8 18. Be3 Ke7 19. Rhc1 b6 20. 
Bd3 a5 21. Ke2 Rhe8 22. h3 h5 23. Kd2 Bf6 24. Bf2 Kf8 25. Bc2 Bd8 26. Rf1 
b5 27. axb5 Bxb5 28. Bd3 Rb8 29. Rfb1 Bc7 30. Be3 Rb7 31. Bxb5 Rxb5 32. 
Kc2 Ke7 33. Rf1 Reb8 34. Rab1 a4 35. g4 hxg4 36. hxg4 Kf6 37. Bg1 Rh8 38. 
Rf3 Rh4 39. g5+ Kf5 40. Rbf1 Rb8 41. Be3 Rbh8 42. Kd3 Rh3 43. R3f2 Rg3 44.
 Rf3 Rxf3 45. Rxf3 Rh4 46. c4 dxc4+ 47. Kxc4 Rh2 48. Rf2 Rxf2 49. Bxf2 
Bxf4 0-1

[Event "2019 Server NA Champ., Class A, Rd 1, S95021"]
[Site "CCLA"]
[Date "2019.04.22"]
[Round "1"]
[White "Anderson, Clarence"]
[Black "Cacas, Alexander"]
[Result "0-1"]
[WhiteElo "1754"]
[BlackElo "1745"]

1. f4 d5 2. Nf3 Nf6 3. g3 c5 4. Bg2 Nc6 5. O-O g6 6. d3 Bg7 7. Qe1 O-O 8. 
e4 d4 9. h3 Qc7 10. Na3 e5 11. fxe5 Nxe5 12. Nxe5 Qxe5 13. Bf4 Qe7 14. Bg5
h6 15. e5 hxg5 16. exf6 Bxf6 17. Qf2 Bg7 18. Rae1 Be6 19. Nc4 Qc7 20. g4 
Rad8 21. b3 b5 22. Nd2 Be5 23. Ne4 Bf4 24. Kh1 Kg7 25. Bf3 Rh8 26. Kg2 Rh4
27. Rh1 Rdh8 28. Ng3 Be3 29. Qe2 f5 30. Qd1 fxg4 31. hxg4 Qc8 32. Rxh4 
Rxh4 33. Nf1 Bxg4 34. Nxe3 Bxf3+ 35. Qxf3 dxe3 36. Qxe3 Qc6+ 37. Kf1 Rh1+ 
38. Ke2 Qg2+ 39. Kd1 Qg4+ 40. Qe2 Qxe2+ 41. Kxe2 Rxe1+ 42. Kxe1 Kf6 43. c3
Ke5 44. Kf2 Kf4 45. a3 a5 0-1

[Event "2019 Server NA Champ., Class A, Rd 1, S95021"]
[Site "CCLA"]
[Date "2019.04.22"]
[Round "1"]
[White "Cacas, Alexander"]
[Black "Clancey, James"]
[Result "0-1"]
[WhiteElo "1745"]
[BlackElo "1913"]

1. d4 Nf6 2. c4 g6 3. Nc3 d5 4. cxd5 Nxd5 5. e4 Nxc3 6. bxc3 Bg7 7. Bc4 c5
8. Ne2 Nc6 9. Be3 O-O 10. O-O Bg4 11. f3 Na5 12. Bd5 Bd7 13. Rb1 Qc7 14. 
Bf4 Qc8 15. a3 a6 16. Rf2 Bb5 17. Ba2 cxd4 18. cxd4 Qd7 19. d5 Rfc8 20. 
Qd2 Nc4 21. Bxc4 Rxc4 22. Rc1 Rxc1+ 23. Nxc1 Rc8 24. Ne2 e6 25. Be3 exd5 
26. exd5 Qd6 27. Qb4 Qxb4 28. axb4 Re8 0-1

[Event "2019 Server NA Champ., Class A, Rd 1, S95021"]
[Site "CCLA"]
[Date "2019.04.22"]
[Round "1"]
[White "Cacas, Alexander"]
[Black "Bapple, Edward C."]
[Result "0-1"]
[WhiteElo "1745"]
[BlackElo "1921"]

1. e4 c5 2. Nf3 g6 3. d4 cxd4 4. Qxd4 Nf6 5. Nc3 Nc6 6. Qa4 d6 7. e5 Ng4 
8. exd6 Bg7 9. Nb5 exd6 10. Be2 O-O 11. h3 Nge5 12. O-O a6 13. Qa3 d5 14. 
Nd6 Qe7 15. Bf4 Nxf3+ 16. Bxf3 Nd4 17. Qd3 Be6 18. c3 Nxf3+ 19. Qxf3 Rfd8 
20. Qg3 Rd7 21. Rfe1 Rad8 22. Rad1 Rxd6 23. Bxd6 Qxd6 24. Qf3 Qb6 25. Qe2 
d4 26. cxd4 Bxa2 27. Rd2 Bxd4 28. Red1 Be6 29. Kh1 Bf6 30. Rxd8+ Bxd8 31. 
f3 Bf6 32. Rd2 Qb4 33. Rc2 b5 34. Rc6 Qxb2 35. Qxb2 Bxb2 36. Rxa6 b4 37. 
Rb6 Bc3 38. g4 b3 0-1

[Event "2019 Server NA Champ., Class A, Rd 1, S95021"]
[Site "CCLA"]
[Date "2019.04.22"]
[Round "1"]
[White "Cacas, Alexander"]
[Black "Anderson, Clarence"]
[Result "1-0"]
[WhiteElo "1745"]
[BlackElo "1754"]

1. d4 f5 2. g3 Nf6 3. Bg2 g6 4. Nf3 Bg7 5. O-O O-O 6. c4 d6 7. Nc3 Qe8 8. 
b3 e5 9. dxe5 dxe5 10. e4 Nc6 11. Nd5 Qd7 12. Ba3 Re8 13. exf5 e4 14. Ng5 
Qxf5 15. Nxc7 Qxg5 16. Nxe8 Nxe8 17. Bxe4 Bh3 18. Bd5+ Kh8 19. Re1 Nc7 20.
 Bxc6 bxc6 21. Re7 Ne6 22. Rc1 Nd4 23. Rxg7 Kxg7 24. Qxd4+ Kh6 25. Rd1 Qf5
26. Bc1+ g5 27. Qh4+ Kg6 28. Rd6+ Kf7 29. Qxg5 Qxg5 30. Bxg5 Re8 31. Be3 
1-0

[Event "2019 NA Class B Champ. Final, S92009"]
[Site "CCLA"]
[Date "2020.01.15"]
[Round "?"]
[White "Walsh, Patrick"]
[Black "Shannon, Paul D."]
[Result "1-0"]
[WhiteElo "1777"]
[BlackElo "1889"]

1. c4 c5 2. Nf3 Nf6 3. Nc3 e6 4. g3 b6 5. Bg2 Bb7 6. O-O Nc6 7. d4 Nxd4 8.
 Nxd4 Bxg2 9. Nxe6 fxe6 10. Kxg2 Be7 11. e4 Qc7 12. f4 O-O 13. Be3 Rad8 
14. Qf3 d6 15. g4 a6 16. Qh3 Qd7 17. g5 Ne8 18. Rad1 Nc7 19. Qg4 b5 20. 
cxb5 axb5 21. Bxc5 Qc6 22. Bb4 Qc4 23. a3 Na6 24. Ba5 Rb8 25. f5 exf5 26. 
Rxf5 Rxf5 27. Qxf5 Bf8 28. Qd5+ Qxd5 29. Nxd5 Rc8 30. Kf3 Rc2 31. Rd2 Rc1 
32. Nc3 Rf1+ 33. Rf2 Rxf2+ 34. Kxf2 Nc5 35. Ke2 Kf7 36. b4 Ne6 37. h4 Nd4+
38. Kd3 Nf3 39. Nxb5 Nxh4 40. Nd4 Be7 41. b5 Ng6 42. a4 Ne5+ 43. Ke2 Bxg5 
44. b6 Nd7 45. b7 Bf6 46. Nc6 h5 47. Bc7 Ke6 48. Kf3 d5 49. e5 Bg5 50. 
Nd4+ 1-0

[Event "2019 NA Class B Champ. Final, S92009"]
[Site "CCLA"]
[Date "2020.01.15"]
[Round "?"]
[White "Walsh, Patrick"]
[Black "Catania, Duane"]
[Result "1-0"]
[WhiteElo "1777"]
[BlackElo "1621"]

1. c4 e6 2. Nc3 b6 3. e4 Bb7 4. Nf3 c5 5. Bd3 Nc6 6. Bc2 a6 7. O-O Be7 8. 
d4 cxd4 9. Nxd4 Nxd4 10. Qxd4 Nf6 11. e5 Ng8 12. Rd1 Bc5 13. Qg4 g6 14. 
Ba4 b5 15. cxb5 axb5 16. Bxb5 Bc8 17. Bg5 Be7 18. Ne4 Qb6 19. Bxe7 Nxe7 
20. Nd6+ Kf8 21. Qh4 g5 22. Qh6+ Kg8 23. Ne8 1-0

[Event "2019 NA Class B Champ. Final, S92009"]
[Site "CCLA"]
[Date "2020.01.15"]
[Round "?"]
[White "Shannon, Paul D."]
[Black "Walsh, Patrick"]
[Result "1/2-1/2"]
[WhiteElo "1889"]
[BlackElo "1777"]

1. e4 e6 2. d4 d5 3. Nd2 Be7 4. Ngf3 Nf6 5. e5 Nfd7 6. Bd3 c5 7. c3 b6 8. 
Qe2 a5 9. Nf1 Ba6 10. Bxa6 Nxa6 11. Ng3 cxd4 12. Nxd4 Qc7 13. f4 Qc4 14. 
Be3 Qxe2+ 15. Ngxe2 Nac5 16. O-O-O Rc8 17. Nb5 O-O 18. Ned4 f6 19. Na7 
Rce8 20. exf6 Rxf6 21. g3 Ne4 22. Rhe1 Bc5 23. Nc2 Kh8 24. Bd4 Bxd4 25. 
Nxd4 Ndc5 26. Nab5 h5 27. Rf1 Rf7 28. Nc6 Kh7 29. Ne5 Rf5 30. Nd4 Rff8 31.
 Rde1 g5 32. fxg5 Nxg5 33. Kd2 Rf6 34. Rxf6 Nge4+ 35. Ke3 Nxf6 36. Rf1 
Nce4 37. Rf4 Kg7 38. a4 Nc5 39. Ne2 Re7 40. b4 Nce4 41. Kd3 Rc7 42. Rf1 
Ng4 43. Nxg4 hxg4 44. Rf4 axb4 45. cxb4 Kh6 46. a5 bxa5 47. bxa5 Rc4 48. 
Rf8 Kg7 49. Ra8 Ra4 1/2-1/2

[Event "2019 NA Class B Champ. Final, S92009"]
[Site "CCLA"]
[Date "2020.01.15"]
[Round "?"]
[White "Shannon, Paul D."]
[Black "Catania, Duane"]
[Result "1-0"]
[WhiteElo "1889"]
[BlackElo "1621"]

1. e4 e6 2. d4 d5 3. Nd2 Nf6 4. e5 Ne4 5. Bd3 Nxd2 6. Bxd2 c5 7. dxc5 Bxc5
8. Nf3 Nc6 9. O-O Bd7 10. c3 Qc7 11. Qe2 h6 12. Be3 Bxe3 13. Qxe3 O-O-O 
14. b4 Kb8 15. a4 g5 16. Rfe1 Rdg8 17. Nd4 Nxd4 18. Qxd4 g4 19. c4 Qb6 20.
 c5 Qc7 21. b5 Qa5 22. Bf1 h5 23. Rec1 g3 24. h3 gxf2+ 25. Qxf2 Rg7 26. c6
Bc8 27. Qf6 Rhg8 28. Rc2 Qb4 29. Rac1 bxc6 30. Rxc6 Bb7 31. Rc7 Rg3 32. 
Qxf7 Qd4+ 33. Kh2 Rxh3+ 34. Kxh3 Qe3+ 35. Kh2 Qxe5+ 36. Kh1 1-0

[Event "2019 NA Class B Champ. Final, S92009"]
[Site "CCLA"]
[Date "2020.01.15"]
[Round "?"]
[White "Catania, Duane"]
[Black "Walsh, Patrick"]
[Result "0-1"]
[WhiteElo "1621"]
[BlackElo "1777"]

1. e4 e6 2. d4 d5 3. e5 c5 4. c3 Qb6 5. Nf3 Nc6 6. Be2 cxd4 7. cxd4 Nge7 
8. O-O Nf5 9. Nc3 Nfxd4 10. Nxd4 Qxd4 11. Qb3 Qxe5 12. g3 a6 13. Bf4 Qf6 
14. Rfe1 Be7 15. Qd1 O-O 16. Bc7 Re8 17. Bf1 Bc5 18. Qd2 Bd7 19. Rac1 Nd4 
20. Bg2 Ba7 21. Qd3 Nf5 22. Be5 Qd8 23. Nd1 Rc8 24. Rxc8 Qxc8 25. g4 Bb5 
26. Qd2 Ne7 27. h4 f6 28. Bc3 d4 29. Bb4 e5 30. g5 Nf5 31. gxf6 gxf6 32. 
Bh3 Qd7 33. Qc2 Qg7+ 34. Kh2 Nxh4 35. Qb3+ Kh8 36. Re4 Ng6 37. Rg4 Bb8 38.
 Kg1 Qc7 39. Qf3 Kg7 40. Bg2 e4 41. Qh3 Qc1 42. Qb3 Bc4 0-1

[Event "2019 NA Class B Champ. Final, S92009"]
[Site "CCLA"]
[Date "2020.01.15"]
[Round "?"]
[White "Catania, Duane"]
[Black "Shannon, Paul D."]
[Result "1/2-1/2"]
[WhiteElo "1621"]
[BlackElo "1889"]

1. d4 e5 2. dxe5 Nc6 3. e4 Nxe5 4. Nf3 Nxf3+ 5. Qxf3 Qf6 6. Nd2 Bc5 7. Bd3
d6 8. O-O Bd7 9. a3 O-O-O 10. Rb1 h5 11. b4 Bd4 12. Nb3 Qxf3 13. gxf3 Bf6 
14. Re1 Ne7 15. f4 Ng6 16. c4 Nh4 17. Re3 Bg4 18. h3 Bd1 19. Bb2 Bxb2 20. 
Rxb2 Bxb3 21. Rxb3 Ng6 22. Rf3 Ne7 23. Bf1 h4 24. Rbd3 Rh6 25. a4 Re8 26. 
b5 Re6 27. Rfe3 f5 28. e5 dxe5 29. Rxe5 Rxe5 30. fxe5 Ng6 31. Rd5 Nxe5 32.
 f4 Ng6 33. Bd3 Nxf4 34. Bxf5+ Kb8 35. Rd7 g6 36. Bg4 a6 37. a5 axb5 38. 
cxb5 Re5 39. b6 cxb6 40. axb6 Re8 41. Bf3 Nxh3+ 42. Kh2 Ng5 43. Rxb7+ Kc8 
44. Rc7+ Kb8 45. Bd5 Re2+ 46. Kg1 Rb2 47. Rb7+ Kc8 48. Rc7+ Kd8 49. Rc6 
Nh3+ 50. Kh1 g5 51. Rf6 g4 52. b7 Ke7 53. Rf1 g3 54. Re1+ Kd6 55. Bg2 Nf2+
56. Kg1 h3 57. b8=Q+ Rxb8 58. Bxh3 Rb2 59. Bf5 Rd2 60. Re8 Rb2 1/2-1/2